Piasecký v prostných desiatym Európanom Svetový pohár v športovej gymnastike

Bibliographic Details
Format: Article
Language:Slovak
ISSN:0139-7001
Subjects:

MARC

LEADER 00000nab a2200000 ar4500
001 vtls008690445
003 SK-MaSNL
005 20260303213621.0
008 060412c20060327xo sr|p|||||||000 b|slo
015 |a SNBRB2006/04  |2 snkbucl 
038 |a SNKBUCL 
040 |a SNKBUCL  |b slo  |c SNKBUCL  |e AACR2 
041 0 |a slo 
044 |a xo  |c SK 
080 |a 796.41.093.1  |x (100)  |2 UDC-MRF-SK2 
245 0 0 |a Piasecký v prostných desiatym Európanom  |b Svetový pohár v športovej gymnastike 
648 7 |a 2006  |2 snkbucl  |9 313148 
650 0 7 |a športová gymnastika  |2 snkbucl  |9 769 
650 0 7 |a Svetový pohár  |2 snkbucl  |9 842306 
651 7 |a Cottbus (Nemecko)  |2 snkbucl  |9 85462 
773 0 |t Šport  |g Roč. 60, č. 72 (27.3.2006), s. 44  |x 0139-7001 
999 |c 2212949  |d 2214879